Up against caste: comparative study of Ambedkar and Periyar (Record no. 403013)

000 -LEADER
fixed length control field 00544cam a22001697a 4500
008 - FIXED-LENGTH DATA ELEMENTS--GENERAL INFORMATION
fixed length control field 180718b2004 xxu||||| |||| 00| 0 eng d
020 ## - INTERNATIONAL STANDARD BOOK NUMBER
International Standard Book Number 8170338603
082 ## - DEWEY DECIMAL CLASSIFICATION NUMBER
Classification number BA27x54 C392u
100 ## - MAIN ENTRY--PERSONAL NAME
Personal name Chatterjee, Debi
245 ## - TITLE STATEMENT
Title Up against caste: comparative study of Ambedkar and Periyar
Statement of responsibility, etc. by Debi Chatterjee
260 ## - PUBLICATION, DISTRIBUTION, ETC.
Place of publication, distribution, etc. Jaipur
Name of publisher, distributor, etc. Rawat
Date of publication, distribution, etc. 2004
300 ## - PHYSICAL DESCRIPTION
Extent 235p.
650 ## - SUBJECT ADDED ENTRY--TOPICAL TERM
Topical term or geographic name entry element India --Social conditions --1947-
650 ## - SUBJECT ADDED ENTRY--TOPICAL TERM
Topical term or geographic name entry element Caste --India
650 ## - SUBJECT ADDED ENTRY--TOPICAL TERM
Topical term or geographic name entry element Ramaswami Naicker, E. V., 1878-1973
650 ## - SUBJECT ADDED ENTRY--TOPICAL TERM
Topical term or geographic name entry element Ambedkar, B. R. (Bhimrao Ramji), 1891-1956
Holdings
Withdrawn status Lost status Damaged status Not for loan Permanent Location Current Location Date acquired Full call number Barcode Date last seen Price effective from Koha item type
        Indian Institute of Public Administration Indian Institute of Public Administration 2004-10-08 BA27x54 C392u 79653 2018-07-21 2018-07-21 Book

Powered by Koha